000 00277nam a22001217a 4500
008 181019b xxu||||| |||| 00| 0 eng d
041 _aeng
080 _a610
100 _a4
101 _aINF
245 _aDysphagia Diagnosis And Teatment
_c Davide..W.G
942 _2udc
_cBK
999 _c50293
_d50293